Birds

Bibliographic Details
Main Author: Alderton, David
Format: Book
Published: London : Grange Books , 1993
Series:Nature facts
Subjects:

MARC

LEADER 00000cam a2200000 7i4500
001 0000056694
005 20151213.0
008 151213
020 |a 185627344x 
020 |a 9781856273442 
090 0 0 |a 598   |b ALD 
100 1 |a Alderton, David 
245 1 0 |a Birds   |c David Alderton 
260 |a London :   |b Grange Books ,   |c 1993 
300 |a 108pg. :   |b col. ill. 
490 1 |a Nature facts 
500 |a Includes Index 
650 0 |a Birds   |x Juvenile literature 
999 |a 0000717182   |b Book   |c Adult Collection   |e Cawangan Tmn. Ungku Tun Aminah